[Event "Hastings Challengers 1975/76"]
[Site "Hastings"]
[Date "1975.12.31"]
[Round "3"]
[White "Denman, Brian J"]
[Black "Diesen, Mark"]
[Result "1/2-1/2"]
[WhiteElo "2205"]
[BlackElo "2295"]
[PlyCount "78"]
[EventDate "1975.12.29"]
[EventType "swiss"]
[EventRounds "10"]
[EventCountry "ENG"]

1. e4 c5 2. Nf3 d6 3. d4 cxd4 4. Nxd4 Nf6 5. Nc3 e6 6. Be3 Be7 7. Bd3 Nc6 8.
O-O O-O 9. Nb3 e5 10. f3 Be6 11. Qe2 Nb4 12. Rfd1 Rc8 13. Qf2 Nd7 14. Bb5 f5
15. Bxd7 Bxd7 16. a3 Nc6 17. exf5 Bxf5 18. Qe2 Qe8 19. Rd2 Qg6 20. Rad1 Rfe8
21. Qf2 Rf8 22. Nd5 Bd8 23. Kh1 Ne7 24. Nb4 d5 25. Bxa7 b6 26. Qe2 Ra8 27. Qxe5
Rxa7 28. Nxd5 Nxd5 29. Qxd5+ Be6 30. Qd3 Qh6 {The score gives 30...'Q QR3'.}
31. Nd4 Bc7 32. g3 Bd7 33. Kg1 Be5 34. Qb3+ Kh8 35. f4 Bxd4+ 36. Rxd4 Qc6 37.
Rc4 Qe6 38. Rcd4 Qc6 39. Qc4 Rc7 {Source: Brian Denman. Contributed 25
September 2020.} 1/2-1/2

[Event "Hastings Challengers 1975/76"]
[Site "Hastings"]
[Date "1976.01.03"]
[Round "5"]
[White "Meyer, Eugene B"]
[Black "Pytel, Krzysztof"]
[Result "1/2-1/2"]
[WhiteElo "2340"]
[BlackElo "2420"]
[PlyCount "92"]
[EventDate "1975.12.29"]
[EventType "swiss"]
[EventRounds "10"]
[EventCountry "ENG"]

1. Nf3 Nf6 2. g3 g6 3. Bg2 Bg7 4. O-O O-O 5. d4 d6 6. b3 Nbd7 7. Bb2 e5 8. c4
Re8 9. Nc3 c6 10. Qd2 a6 11. Rad1 e4 12. Ne1 d5 13. Nc2 Nf8 14. h3 h5 15. Na4
Bf5 16. Ne3 Bh6 17. Qc3 Be6 18. Bc1 Kh7 19. Nc5 Bc8 20. f3 exf3 21. Rxf3 b6 22.
Nd3 Ne4 23. Rxf7+ Kg8 24. Bxe4 dxe4 25. Rdf1 Bxe3+ 26. Bxe3 Bf5 27. Ne5 Rxe5
28. Rxf8+ Qxf8 29. dxe5 Qd8 30. e6 Qd6 31. Bf4 Qxe6 32. Rd1 Qe7 33. Qd4 b5 34.
Kh2 e3 35. Qd6 Qxd6 36. Rxd6 bxc4 37. bxc4 Rc8 38. g4 hxg4 39. hxg4 Bb1 40. a3
Ba2 41. c5 Bc4 42. g5 Re8 43. Rxg6+ Kf7 44. Rxc6 Bxe2 45. Rf6+ Kg7 46. c6 Bb5 {
Source: CHESS, February 1976, Vol.41, no,739-740, p160} 1/2-1/2

[Event "Hastings Challengers 1975/76"]
[Site "Hastings"]
[Date "1976.01.06"]
[Round "8"]
[White "Diesen, Mark"]
[Black "Franklin, Michael J"]
[Result "1-0"]
[WhiteElo "2295"]
[BlackElo "2325"]
[PlyCount "53"]
[EventDate "1975.12.29"]
[EventType "swiss"]
[EventRounds "10"]
[EventCountry "ENG"]

1. e4 c5 2. Nf3 a6 3. c4 Nc6 4. d4 cxd4 5. Nxd4 e6 6. Nc3 Bc5 7. Nxc6 bxc6 8.
Be2 e5 9. Qd3 Ne7 10. Be3 Qb6 11. Bxc5 Qxc5 12. O-O Ng6 13. g3 Nf8 14. Na4 Qa5
15. Bd1 Ne6 16. Qd6 Qc7 17. Qxc7 Nxc7 18. c5 a5 19. Nb6 Rb8 20. Bb3 Na6 21.
Rac1 Nb4 22. Rfd1 Ke7 23. Bc4 Rxb6 24. cxb6 Rd8 25. a3 Na6 26. Bxa6 Bxa6 27.
Rc5 1-0

[Event "Hastings New Year Special A 1975/76"]
[Site "Hastings"]
[Date "1976.01.??"]
[Round "1"]
[White "Lamb, Harry"]
[Black "Thurlow, Kevin J"]
[Result "1-0"]
[WhiteElo "2105"]
[BlackElo "1920"]
[PlyCount "63"]
[EventDate "1975.12.??"]
[EventType "swiss"]
[EventRounds "6"]
[EventCountry "ENG"]
[SourceTitle "Thurlow, Kevin"]

1. Nf3 Nf6 2. g3 g6 3. Bg2 Bg7 4. O-O O-O 5. c4 d5 6. cxd5 Nxd5 7. d4 Nc6 8. e4
Nb6 9. d5 Nb4 10. Nc3 e6 11. Qb3 Na6 12. Bg5 Qe8 13. Rfe1 Bd7 14. Rad1 Na4 15.
dxe6 fxe6 16. Rxd7 Qxd7 17. Nxa4 b6 18. Rd1 Qf7 19. Qb5 Nb8 20. Nc3 c6 21. Qd3
a5 22. Be3 Qb7 23. Ng5 e5 24. Bh3 h6 25. Ne6 Re8 26. Na4 b5 27. Nac5 Qe7 28.
Nxg7 Kxg7 29. Ne6+ Kh7 30. Qd2 h5 31. Bg5 Qb4 32. Nc7 {Source: Kevin Thurlow}
1-0

[Event "Hastings New Year Special A 1975/76"]
[Site "Hastings"]
[Date "1976.01.??"]
[Round "3"]
[White "Homolka, Vincent O"]
[Black "Thurlow, Kevin J"]
[Result "1-0"]
[WhiteElo "2070"]
[BlackElo "1920"]
[PlyCount "39"]
[EventDate "1975.12.??"]
[EventType "swiss"]
[EventRounds "6"]
[EventCountry "ENG"]
[SourceTitle "Thurlow, Kevin"]

1. e4 e5 2. f4 exf4 3. Bc4 d5 4. exd5 Bd6 5. Nf3 Nf6 6. O-O O-O 7. d4 Nbd7 8.
Nc3 Nb6 9. Bb3 Bg4 10. Qd3 g6 11. Ne5 Bf5 12. Qf3 Bb4 13. Bxf4 Bxc3 14. bxc3
Nfxd5 15. Bh6 Re8 16. g4 Be6 17. c4 Ne7 18. Qf6 Qxd4+ 19. Kg2 Qe4+ 20. Kg3 {
Source: Kevin Thurlow} 1-0

[Event "Hastings New Year Special A 1975/76"]
[Site "Hastings"]
[Date "1976.01.??"]
[Round "5"]
[White "Lees, David"]
[Black "Thurlow, Kevin J"]
[Result "1-0"]
[WhiteElo "2135"]
[BlackElo "1920"]
[PlyCount "105"]
[EventDate "1975.12.??"]
[EventType "swiss"]
[EventRounds "6"]
[EventCountry "ENG"]
[SourceTitle "Thurlow, Kevin"]

1. e4 e5 2. Nc3 Bc5 3. Nf3 Nc6 4. Nxe5 Bxf2+ 5. Kxf2 Nxe5 6. d4 Nc6 7. Be3 d6
8. Be2 Qh4+ 9. g3 Qf6+ 10. Kg2 Nce7 11. Bc4 Be6 12. d5 Bd7 13. Rf1 Qg6 14. Bd3
Nh6 15. e5 Nhf5 16. Bd2 dxe5 17. Kh1 Qb6 18. Qe2 f6 19. g4 Nd4 20. Qg2 O-O-O
21. a4 a6 22. b4 Qd6 23. b5 a5 24. Ne4 Qb6 25. c4 Nb3 26. c5 Qa7 27. d6 Nxa1
28. dxe7 Rde8 29. Rxa1 Rxe7 30. Be3 Rd8 31. b6 Qb8 32. bxc7 Qxc7 33. Nd6+ Kb8
34. Be4 Bc6 35. Rb1 Bxe4 36. Qxe4 Rxd6 37. cxd6 Qxd6 38. Qxh7 Qc6+ 39. Kg1 Qxa4
40. Qg8+ Qe8 41. Qc4 Rc7 42. Qa6 Qa4 43. Qa7+ Kc8 44. h3 Kd7 45. Qb8 Qc6 46.
Rd1+ Ke6 47. Qg8+ Rf7 48. Bf2 b5 49. Rd8 Qc7 50. Re8+ Kd6 51. Rc8 Qb7 52. Rd8+
Kc6 53. Qe8+ {Source: Kevin Thurlow} 1-0